000 00253nam a2200097Ia 4500
001 1206889
005 20251016150158.0
008 250824s9999 xx 000 0 und d
245 0 _aÇİKOLATA ÇOCUK
_cGONCA GÜLSEL ŞENLER
260 _bNESİL YAYINLARI
999 _c1206889
_d1206889